[Event "POL-chT3 Podkarpackie"]
[Site "Pstragowa"]
[Date "2014.05.03"]
[Round "7.6"]
[White "Lapa, Aleksandra"]
[Black "Flisiak, Iwona"]
[Result "1-0"]
[WhiteElo "1593"]
[BlackElo "1203"]
[PlyCount "75"]
[EventDate "2014.04.30"]
[EventType "team-tourn"]
[EventRounds "9"]
[EventCountry "POL"]
[SourceTitle "EXT 2015"]
[Source "ChessBase"]
[SourceDate "2014.11.20"]
[SourceVersion "1"]
[SourceVersionDate "2014.11.20"]
[SourceQuality "1"]
[WhiteTeam "Mielec"]
[BlackTeam "Sedziszow Malopolski"]
[WhiteTeamCountry "POL"]
[BlackTeamCountry "POL"]

1. c4 c6 2. Nc3 Nf6 3. Nf3 e6 4. d4 d5 5. cxd5 cxd5 6. Bg5 Be7 7. e3 Nbd7 8. Bd3 a6 9. Qa4 0-0 10. 0-0 Rb8 11. b4 b5 12. Qb3 Nb6 13. Rac1 Bb7 14. Qb1 h6 15. Bf4 Rc8 16. Ne2 Nc4 17. h3 Bd6 18. Bxd6 Qxd6 19. Rfd1 Qd8 20. Ng3 Re8 21. Qb3 Qe7 22. Re1 Rc7 23. e4 Qd8 24. e5 Nh7 25. h4 Rce7 26. Qc2 Nf8 27. Nh5 Nd7 28. Nh2 Rf8 29. Ng4 Kh8 30. Rcd1 f5 31. exf6 Nxf6 32. Nhxf6 gxf6 33. Nxh6 f5 34. Qe2 Qe8 35. Nxf5 Ref7 36. Qxe6 Qd8 37. Ne7 Rf6 38. Qg4 1-0